Orientación: programa de estudio, séptimo año básico NB5
保存先:
| 団体著者: | |
|---|---|
| フォーマット: | 図書 |
| 言語: | スペイン語 |
| 出版事項: |
Santiago
Ministerio de Educación
2000
|
| シリーズ: | Educación Básica, 7
|
| 主題: | |
| タグ: |
タグ追加
タグなし, このレコードへの初めてのタグを付けませんか!
|
MARC
| LEADER | 00000nam a2200000 a 4500 | ||
|---|---|---|---|
| 001 | UCN0769 | ||
| 003 | CL-VaPUC | ||
| 008 | 010330e20000000CL |||||||||||||||||spa|d | ||
| 020 | |a 9567933464 | ||
| 082 | 0 | 4 | |a 372.8 |b MIN |2 21 |
| 110 | 2 | |a Ministerio de Educación |e author |9 455985 | |
| 245 | 1 | 0 | |a Orientación: programa de estudio, séptimo año básico NB5 |
| 300 | |a 89 p | ||
| 942 | |c BK | ||
| 945 | |d 20010330 00:00:00 |a vberengu | ||
| 260 | |a Santiago |b Ministerio de Educación |c 2000 | ||
| 650 | 0 | |a Educación básica |9 224933 | |
| 650 | 0 | |a Programas de educación |9 339040 | |
| 650 | 0 | |a Relaciones interpersonales |9 307056 | |
| 650 | 0 | |a Comportamiento sexual |9 334955 | |
| 650 | 0 | |a Psicología educacional |9 307830 | |
| 583 | |a last modification |c 20140401 06:59:58 |k Rodrigo Vera | ||
| 490 | 0 | |a Educación Básica, 7 | |
| 999 | |c 294396 |d 294394 | ||
| 952 | |0 0 |1 0 |4 0 |6 372_800000000000000_MIN_2000 |7 0 |8 R |9 346757 |a BIBEDU |b BIBEDU |d 2019-11-20 |i 3778274 |o 372.8 MIN 2000 |p 3778274 |r 2019-11-20 |w 2019-11-20 |y BK_R |k EPE | ||
| 952 | |0 0 |1 0 |4 0 |6 372_800000000000000_MIN_2000 |7 0 |8 R |9 346758 |a BIBEDU |b BIBEDU |d 2019-11-20 |i 3778282 |o 372.8 MIN 2000 |p 3778282 |r 2019-11-20 |w 2019-11-20 |y BK_R |k EPE | ||
| 952 | |0 0 |1 0 |4 0 |6 372_800000000000000_MIN_2000 |7 0 |8 R |9 346759 |a BIBEDU |b BIBEDU |d 2019-11-20 |i 3860353 |o 372.8 MIN 2000 |p 3860353 |r 2019-11-20 |w 2019-11-20 |y BK_R |k EPE | ||
| 952 | |0 0 |1 0 |4 0 |6 372_800000000000000_MIN_2000 |7 0 |8 R |9 346760 |a BIBEDU |b BIBEDU |d 2019-11-20 |i 4033043 |o 372.8 MIN 2000 |p 4033043 |r 2019-11-20 |w 2019-11-20 |y BK_R |k EBA | ||
| 952 | |0 0 |1 0 |4 0 |6 372_800000000000000_MIN_2000 |7 0 |8 R |9 346761 |a BIBEDU |b BIBEDU |d 2019-11-20 |i 4033051 |o 372.8 MIN 2000 |p 4033051 |r 2019-11-20 |w 2019-11-20 |y BK_R |k EBA | ||
| 952 | |0 0 |1 0 |4 0 |6 372_800000000000000_MIN_2000 |7 0 |8 R |9 346762 |a BIBEDU |b BIBEDU |d 2019-11-20 |i 4243420 |o 372.8 MIN 2000 |p 4243420 |r 2019-11-20 |w 2019-11-20 |y BK_R |k EBA | ||
| 952 | |0 0 |1 0 |4 0 |6 372_800000000000000_MIN_2000 |7 0 |8 R |9 346763 |a BIBEDU |b BIBEDU |d 2019-11-20 |i 4291182 |o 372.8 MIN 2000 |p 4291182 |r 2019-11-20 |w 2019-11-20 |y BK_R |k EBA | ||